01376nam a2200313Ia 450000500170000000800570001702000150007404100080008908200160009710000200011324501100013325000180024330000570026149000270031850000410034550503360038665000330072265000390075565000290079465000270082370000250085094200120087526400370088733600270092433700330095133800280098404000350101299900150104720220317000137.000003022010 sp a g spa spa a8475562310 aspa04a790.1bG37j1 aGiraldo, Javier10aJuegos cooperativosbjugar para que todos ganencJavier Giraldo ; ilustraciones del interior Pere Virgili a2a. edición a128 páginasbilustraciones a blanco y negroc24 cm aJuega, ríe y aprende aIncluye referencias bibliográficas aLos juegos cooperativos La vista atrás: un breve repaso a la historia de los juegos cooperativos Los juegos cooperativos en la educación física Crea tus propios juguetes A miles de kilómetros: un viaje a los juegos cooperativos de otras culturas Testigo directo. Las impresiones de los profesionales Guía de juegos142LEMBaActividades Lúdicas 142LEMBaEducación físicavJuegos142LEMBaJuegos educativos 142LEMBaJuegos en grupo 1 aVirgili, Pere916398 2ddccBK aBarcelonabOcéanobAmbarc2010 atextobtxt2rdacontent asin mediaciónbn2rdamedia avolumenbnc2rdacarrier aCO-BoRNBPbspaerdacCO-BoRNBP c3221d3221